000 00742nam a2200253Ia 4500
003 OSt
005 20220918164602.0
006 a|||||r|||| 00| 0
007 ta
008 220917b |||||||| |||| 00| 0 eng d
020 _a0691067457
024 _a36,399
037 _cTextual
040 _aARTS
_cARTS
_beng
041 _2eng
_aeng
082 _aO111,6M17:g, M8
100 _aSattelmeyer Robert
_919577
245 0 _aThoreau's reading
_b a study in intellectual history with bibliographical catalogue
260 _aNew Jersey
_bPrinceton Univ Press USA
_c1988
300 _a332p.
_ccm.
650 _aENGLISH LITERATURE
942 _hO111,6M17:g, M8
_cTEXL
_2CC
999 _c125443
_d125443